Statistics for Lady Gaga

Click here to take the quiz!

General Stats

  • This quiz has been taken 168 times
  • The average score is 9 of 10

Answer Stats

ClueAnswer% Correct
Beyonce featured on which of Lady Gaga's number 1 hits?Telephone
94%
What was the name of Lady Gaga's first album?The Fame
94%
In which year was Lady Gaga's first album released?2009
92%
What is the name of Lady Gaga's 2016 album?Joanne
92%
What was Lady Gaga's first single?Just Dance (Feat Colby O'Donis)
92%
Lady Gaga sings about which of Jesus' disciplesJudas
88%
What is Lady Gaga's Best selling song in the United States?Poker Face
88%
In 2017 Lady Gaga will perform at which sporting event?Superbowl
87%
Lady Gaga plays Elizabeth in what TV show?American Horror Story
73%
Who was Lady Gaga engaged to up until 2016Taylor Kinney
57%

Score Distribution

Percentile by Number Answered

Percent of People with Each Score

Your Score History

You have not taken this quiz